| 000 | 00000nas 2200000zi 4500 |
| 001 | 9.925355 |
| 003 | CaOODSP |
| 005 | 20240715153020 |
| 006 | m o d f |
| 007 | cr cn |||||||| |
| 008 | 230724d20262028oncar p o f000 b0fre|d |
| 022 | |a2817-8033 |
| 040 | |aCaOODSP|bfre|erda|cCaOODSP |
| 043 | |an-cn--- |
| 086 | 1 |aP115-13F-PDF|zP118-24/2022F-PDF |
| 110 | 1 |aCanada. |bServices partagés Canada, |eauteur, |eorganisme de publication. |
| 222 | 0|aPlan d'évaluation ministériel quinquennal de ... |b(Canada. Services partagés Canada) |
| 245 | 10|aPlan d'évaluation ministériel quinquennal de ... / |cServices partagés Canada. |
| 246 | 3 |aServices partagés Canada, plan d'évaluation ministériel quinquennal de ... |
| 264 | 1|a[Ottawa] : |bShared Services Canada = Services partagés Canada, |c[2021]-2023. |
| 310 | |aAnnuel |
| 336 | |atexte|btxt|2rdacontent/fre |
| 337 | |ainformatique|bc|2rdamedia/fre |
| 338 | |aressource en ligne|bcr|2rdacarrier/fre |
| 362 | 1 |aParaît depuis : 2021/2022 à 2025/2026; ne paraît plus après : 2023/2024 à 2027/2028. |
| 500 | |aPublié aussi en anglais sous le titre : Five-year departmental evaluation plan ... |
| 550 | |aPréparé par : Bureau de la vérification et de l'évaluation, Services partagés Canada, 2021-2023. |
| 588 | |aDescription d'après : 2021/2022 à 2025/2026; titre de la page couverture du fichier PDF. |
| 588 | |aDernière livraison consultée : 2023/2024 à 2027/2028. |
| 610 | 16|aCanada. |bServices partageĢs Canada|xÉvaluation|vPériodiques. |
| 650 | 6|aÉvaluation|zCanada|xPlanification|vPériodiques. |
| 655 | 7|aPériodiques|2rvmgf |
| 710 | 1 |aCanada. |bServices partagés Canada. |bBureau de la vérification et de l'évaluation, |eorganisme de publication. |
| 775 | 08|tFive-year departmental evaluation plan ... / |w(CaOODSP)9.924913 |
| 785 | 00|tPlan d'évaluation ministériel de Services partagés Canada de ... / |w(CaOODSP)9.938594 |